Central Line - Statistics

General Stats
  • This quiz has been taken 59 times
  • The average score is 43 of 50
Answer Stats
Hint Answer % Correct
Bond Street
100%
Chancery Lane
100%
EBR branch Ealing Broadway
100%
East Acton
100%
Greenford
100%
Hanger Lane
100%
Holborn
100%
Holland Park
100%
Lancaster Gate
100%
Marble Arch
100%
all branches North Acton
100%
Northolt
100%
Notting Hill Gate
100%
Oxford Circus
100%
Perivale
100%
Queensway
100%
Ruislip Gardens
100%
Shepherd's Bush
100%
South Ruislip
100%
St Paul's
100%
Tottenham Court Road
100%
West Acton
100%
WRS branch West Ruislip
100%
White City
100%
Bank
89%
Bethnal Green
89%
Liverpool Street
89%
Mile End
89%
Buckhurst Hill
78%
Debden
78%
Epping
78%
Leyton
78%
Leytonstone
78%
Loughton
78%
South Woodford
78%
Stratford
78%
Theydon Bois
78%
Woodford
78%
Barkingside
67%
Fairlop
67%
Gants Hill
67%
Newbury Park
67%
Redbridge
67%
going up Snaresbrook
67%
Hainault loop Wanstead
67%
Chigwell
56%
Grange Hill
56%
Hainault
56%
Roding Valley
56%
Woodford
44%
No matching quizzes found
Score Distribution
Percent of People with Each Score
Percentile by Number Answered
Your Score History
You have not taken this quiz